Cosmetic Surgery (Record no. 1458)

MARC details
000 -LEADER
fixed length control field 01077cam a2200349 a 4500
001 - CONTROL NUMBER
control field 16217555
003 - CONTROL NUMBER IDENTIFIER
control field OSt
005 - DATE AND TIME OF LATEST TRANSACTION
control field 20160929181905.0
008 - FIXED-LENGTH DATA ELEMENTS--GENERAL INFORMATION
fixed length control field 100504s2010 nyua b 001 0 eng
010 ## - LIBRARY OF CONGRESS CONTROL NUMBER
LC control number 2010018802
015 ## - NATIONAL BIBLIOGRAPHY NUMBER
National bibliography number GBB077764
Source bnb
016 7# - NATIONAL BIBLIOGRAPHIC AGENCY CONTROL NUMBER
Record control number 101530139
Source DNLM
016 7# - NATIONAL BIBLIOGRAPHIC AGENCY CONTROL NUMBER
Record control number 015588524
Source Uk
020 ## - INTERNATIONAL STANDARD BOOK NUMBER
International Standard Book Number 9780071470797
020 ## - INTERNATIONAL STANDARD BOOK NUMBER
International Standard Book Number 0071470794
035 ## - SYSTEM CONTROL NUMBER
System control number (OCoLC)ocn612188969
040 ## - CATALOGING SOURCE
Original cataloging agency DNLM/DLC
Transcribing agency DLC
Modifying agency BTCTA
-- BAKER
-- YDXCP
-- NLM
-- UKM
-- C#P
-- DLC
050 00 - LIBRARY OF CONGRESS CALL NUMBER
Classification number RD119
Item number .C6815 2010
060 00 - NATIONAL LIBRARY OF MEDICINE CALL NUMBER
Classification number 2010 L-835
060 10 - NATIONAL LIBRARY OF MEDICINE CALL NUMBER
Classification number WO 600
Item number C83414 2010
082 00 - DEWEY DECIMAL CLASSIFICATION NUMBER
Classification number WO 600 G75c 2011
Edition number 22
100 ## - MAIN ENTRY--PERSONAL NAME
Personal name Edited by Robert T. Grant, ;Constance M. Chen.
9 (RLIN) 11121
245 00 - TITLE STATEMENT
Title Cosmetic Surgery
260 ## - PUBLICATION, DISTRIBUTION, ETC. (IMPRINT)
Place of publication, distribution, etc. New York :
Name of publisher, distributor, etc. McGraw-Hill Medical,
Date of publication, distribution, etc. c2010.
300 ## - PHYSICAL DESCRIPTION
Extent xi, 287 p. :
Other physical details col. ill. ;
Dimensions 24 cm.
500 ## - GENERAL NOTE
General note "A Lange medical book."
504 ## - BIBLIOGRAPHY, ETC. NOTE
Bibliography, etc Includes bibliographical references and index.
650 #0 - SUBJECT ADDED ENTRY--TOPICAL TERM
Topical term or geographic name as entry element Plastic Surgery
9 (RLIN) 579
650 12 - SUBJECT ADDED ENTRY--TOPICAL TERM
Topical term or geographic name as entry element Reconstructive Procedures.
9 (RLIN) 3844
906 ## - LOCAL DATA ELEMENT F, LDF (RLIN)
a 7
b cbc
c orignew
d 1
e ecip
f 20
g y-gencatlg
942 ## - ADDED ENTRY ELEMENTS (KOHA)
Source of classification or shelving scheme Other/Generic Classification Scheme
Koha item type Short Loan
Holdings
Withdrawn status Lost status Source of classification or shelving scheme Damaged status Not for loan Home library Current library Date acquired Source of acquisition Inventory number Total Checkouts Full call number Barcode Date last seen Price effective from Koha item type
    Other/Generic Classification Scheme     MUST Main Library MUST Main Library 15/04/2015   2012/36366   WO 600 G75c 2011 2015-0974 15/04/2015 15/04/2015 Short Loan
    Other/Generic Classification Scheme     MUST Main Library MUST Main Library 15/04/2015   2012/36365   WO 600 G75c 2011 2015-0975 15/04/2015 15/04/2015 Short Loan